| 000 | 00457nam a22001697a 4500 | ||
|---|---|---|---|
| 003 | NUST - PNEC | ||
| 005 | 20170116181153.0 | ||
| 008 | 160105b xxu||||| |||| 00| 0 eng d | ||
| 020 | _a- | ||
| 040 | _cLIBRARY | ||
| 082 | _a891.439 JAF | ||
| 100 |
_915691 _aJafri, Syed Asif Jah |
||
| 245 |
_aMufakkir e Pakistan Allama Iqbal _cSyed Asif Jah Jafri |
||
| 260 |
_aMultan: _bSohni Dharti |
||
| 650 |
_915693 _aPakistan, History _xGeneral |
||
| 942 |
_2ddc _cBK |
||
| 999 |
_c71086 _d71086 |
||